000 00277nam a22001217a 4500
008 171030b xxu||||| |||| 00| 0 eng d
041 _aeng
080 _a336
100 _a57
101 _aFIN
245 _aPROFRSSIONAL COPY CORPORATE FINANCE
_cBERK.J
942 _2udc
_cBK
999 _c36423
_d36423